000
00267nam a2200097Ia 4500
008
220204s9999 xx 000 0 und d
082
_a
35(06)
_b
CON
245
0
_a
Conference on administrative reforms proceedings, 1963-64
260
_a
New Delhi
_b
IIPA
_c
1967
942
_c
BK
999
_c
21461
_d
21461